书目信息 |
| 题名: |
气流化学激光测试诊断技术
|
|
| 作者: | 多丽萍 , 金玉奇 , 杨柏龄 编著 | |
| 分册: | ||
| 出版信息: | 北京 科学出版社 2008.02 |
|
| 页数: | 239页 | |
| 开本: | 24cm | |
| 丛书名: | 华夏英才基金学术文库 | |
| 单 册: | ||
| 中图分类: | TN248.5 | |
| 科图分类: | ||
| 主题词: | 气体流动--qi ti liu dong--化学激光器--诊断 | |
| 电子资源: | ||
| ISBN: | 978-7-03-020028-0 | |
| 000 | 01166nam 2200289 450 | |
| 001 | 012008583995 | |
| 005 | 20080423162048.17 | |
| 010 | @a978-7-03-020028-0@dCNY48.00 | |
| 100 | @a20080423d2008 em y0chiy0120 ea | |
| 101 | 0 | @achi |
| 102 | @aCN@b110000 | |
| 105 | @aa a 000yy | |
| 106 | @ar | |
| 200 | 1 | @a气流化学激光测试诊断技术@Aqi liu hua xue ji guang ce shi zhen duan ji shu@f多丽萍, 金玉奇, 杨柏龄编著@Fduo li ping,jin yu qi,yang bai ling bian zhu |
| 205 | @a第2版 | |
| 210 | @a北京@c科学出版社@d2008.02 | |
| 215 | @a239页@c图@d24cm | |
| 225 | 2 | @a华夏英才基金学术文库@Ahua xia ying cai ji jin xue shu wen ku |
| 330 | @a本书主要以氧碘化学激光器为基本,对其测试诊断技术做了编写和整理,一些技术也适用于其他气体流动化学激光器。全书主要包括以下三方面内容:氧碘化学激光器相关动力学参数的测试诊断;激光器相关光学参数的测试诊断等。 | |
| 410 | 0 | @12001 @a华夏英才基金学术文库 |
| 606 | 0 | @a气体流动@Aqi ti liu dong@x化学激光器@x诊断 |
| 690 | @aTN248.5@v4 | |
| 701 | 0 | @a多丽萍@Aduo li ping@4编著 |
| 701 | 0 | @a金玉奇@Ajin yu qi@4编著 |
| 701 | 0 | @a杨柏龄@Ayang bai ling@4编著 |
| 801 | 0 | @aCN@bQSSK@c20080423 |
| 905 | @b296884-85@dTN248.5@eD977@f2 | |
| 气流化学激光测试诊断技术/多丽萍, 金玉奇, 杨柏龄编著.-第2版.-北京:科学出版社,2008.02 |
| 239页:图;24cm.-(华夏英才基金学术文库) |
| ISBN 978-7-03-020028-0:CNY48.00 |
| 本书主要以氧碘化学激光器为基本,对其测试诊断技术做了编写和整理,一些技术也适用于其他气体流动化学激光器。全书主要包括以下三方面内容:氧碘化学激光器相关动力学参数的测试诊断;激光器相关光学参数的测试诊断等。 |
| ● |
| 相关链接 |
|
|
|
正题名:气流化学激光测试诊断技术
索取号:TN248.5/D977
 
预约/预借
| 序号 | 登录号 | 条形码 | 馆藏地/架位号 | 状态 | 备注 |
| 1 | 296884 | 202968841 | 自科库301/301自科库 25排3列5层/ [索取号:TN248.5/D977] | 在馆 | |
| 2 | 296885 | 202968850 | 自科库301/301自科库 25排3列5层/ [索取号:TN248.5/D977] | 在馆 |